000
00287nam a22001097a 4500
082
_a
621.381537 HUF'L
100
_a
HUFFMAN, D. A
_9
66300
245
_a
LINEAR SEQUENTIAL SWITCHING CIRCUITS, SELETED TECHNICAL PAPERS
260
_a
LONDON
_b
HOLDEN DAY
_c
1965
300
_a
234P
942
_c
BK
999
_c
574281
_d
574281